| 000 | 00822nam a2200265 a 4500 | ||
|---|---|---|---|
| 001 | 59489 | ||
| 003 | BD-RjUL | ||
| 005 | 20211209080734.0 | ||
| 008 | 161226s1958 enk 001 0 eng | ||
| 035 | _a(BD-RjUL)59613 | ||
| 040 |
_aDLC _cOC _dBD-RjUL _beng |
||
| 041 | _aeng | ||
| 082 |
_a658 _223 _bTOB 1958 |
||
| 100 | 1 |
_aTonne, Herbert Arthur, _d1902- _9176938 |
|
| 245 | 1 | 0 |
_aBusiness principles, organization, and management / _c[by] Herbert A. Tonne, Sidney I. Simon [and] Esby C. McGill. |
| 260 |
_aNew York : _bGregg Pub. Division, _cc1958 |
||
| 300 |
_a504 p. : _bill. ; _c24 cm. |
||
| 500 | _aInclude index | ||
| 650 | 0 |
_aBusiness. _9175150 |
|
| 650 | 0 |
_aIndustrial management _9231781 |
|
| 700 |
_aSimon Sidney I. _9231782 |
||
| 700 |
_aMcGill.Esby C. _9176940 |
||
| 942 |
_2ddc _cBK |
||
| 999 |
_c59489 _d59489 |
||